00309nam a2200121Ia 450000500170000000800410001704000190005804100120007708200160008924500450010565000270015085000100017720221126110432.0131103s9999 xx 000 0 und d aLoreto College aEnglish a954.14bMAJ aHistory of Ancient BengalcR.C. Majumdar aBengal, India, History aLCLIB